|
|
|
|
| LEADER |
00620nam a2200169 a 4500 |
| 005 |
20151026130436.0 |
| 008 |
960221s1955 dcuabcdjdbkoqu001 0deng d |
| 003 |
ViArRB |
| 100 |
|
|
|a Mason, R.E.A
|e ed.by
|
| 245 |
|
|
|a Information processing
|
| 260 |
|
|
|a Amsterdam
|b North-Holland Publishing Company
|c 1983
|
| 300 |
|
|
|a xvi, 976 p.
|
| 500 |
|
|
|a
|
| 653 |
|
|
|a Information processing
|a systems design
|a systems construction
|a computer system design
|a Information processing
|a Data processing
|
| 942 |
|
|
|c BK
|6 _
|
| 999 |
|
|
|c 5460
|d 5460
|
| 952 |
|
|
|0 0
|1 0
|2 udc
|4 0
|6 004_MAS
|7 0
|9 16849
|a UL
|b UL
|d 2010-06-16
|o 004 MAS
|p 00033044
|r 2010-06-16
|w 2010-06-16
|y BK
|